[Event "Goiania-ch Etapa 03"]
[Site "Goiania"]
[Date "2016.08.28"]
[Round "5.5"]
[White "Costa, Paulo Sergio"]
[Black "Lopes, Marcos Alves"]
[Result "1/2-1/2"]
[WhiteElo "1756"]
[BlackElo "1709"]
[PlyCount "72"]
[EventDate "2016.08.26"]
[EventType "swiss"]
[EventRounds "6"]
[EventCountry "BRA"]
[SourceTitle "EXT 2022"]
[Source "ChessBase"]
[SourceDate "2021.10.06"]
[SourceVersion "1"]
[SourceVersionDate "2021.10.06"]
[SourceQuality "1"]

1. d4 Nf6 2. c4 e6 3. Nc3 Bb4 4. Bg5 0-0 5. Nf3 b6 6. e3 Bb7 7. Bd3 c5 8. 0-0 cxd4 9. exd4 d5 10. cxd5 Bxc3 11. bxc3 Bxd5 12. Ne5 h6 13. Bh4 g5 14. Bg3 Nbd7 15. f4 Nxe5 16. fxe5 Ne4 17. Qh5 Kg7 18. Be1 f5 19. exf6+ Rxf6 20. Rxf6 Qxf6 21. Bxe4 Bxe4 22. Bg3 Qg6 23. Be5+ Kg8 24. Qe2 Bd3 25. Qf3 Rf8 26. Qb7 Qf7 27. Qxf7+ Rxf7 28. h3 Kh7 29. a4 Kg6 30. g4 Rf3 31. Ra2 Bc4 32. Rf2 Rxf2 33. Kxf2 Bb3 34. Bb8 a6 35. Ba7 b5 36. axb5 axb5 1/2-1/2

[Event "Goiania-ch Etapa 03"]
[Site "Goiania"]
[Date "2016.08.28"]
[Round "6.6"]
[White "Lopes, Marcos Alves"]
[Black "Campos, Westerley Batista"]
[Result "0-1"]
[WhiteElo "1709"]
[BlackElo "1747"]
[PlyCount "58"]
[EventDate "2016.08.26"]
[EventType "swiss"]
[EventRounds "6"]
[EventCountry "BRA"]
[SourceTitle "EXT 2022"]
[Source "ChessBase"]
[SourceDate "2021.10.06"]
[SourceVersion "1"]
[SourceVersionDate "2021.10.06"]
[SourceQuality "1"]

1. e4 e6 2. d4 d5 3. exd5 exd5 4. Bd3 Nc6 5. c3 Bd6 6. h3 Be6 7. Nf3 f6 8. Qe2 Qd7 9. 0-0 0-0-0 10. b4 Re8 11. Be3 Nge7 12. Nbd2 Nf5 13. Bxf5 Bxf5 14. a4 g5 15. a5 g4 16. b5 gxf3 17. bxc6 fxe2 18. cxd7+ Kxd7 19. Rfe1 Bd3 20. Ra2 f5 21. Nf3 f4 22. Bc1 Rhg8 23. Kh1 b6 24. axb6 axb6 25. Ng1 Bc4 26. Rd2 b5 27. Rexe2 Bxe2 28. Rxe2 Rxe2 29. Nxe2 Re8 0-1

[Event "Goiania IRT"]
[Site "Goiania"]
[Date "2012.06.10"]
[Round "9"]
[White "Lopes, Marcos Alves"]
[Black "Cavalcante, Diego Xavier"]
[Result "1-0"]
[WhiteElo "1850"]
[BlackElo "1739"]
[PlyCount "73"]
[EventDate "2012.06.07"]
[EventType "tourn"]
[EventRounds "9"]
[EventCountry "BRA"]
[SourceTitle "CBM 148 Extra"]
[Source "ChessBase"]
[SourceDate "2012.06.22"]
[SourceVersion "1"]
[SourceVersionDate "2012.06.22"]
[SourceQuality "1"]

1. e4 e6 2. d4 d5 3. exd5 exd5 4. Bd3 Nf6 5. Nf3 Bd6 6. 0-0 0-0 7. Re1 Bg4 8. Bg5 Nbd7 9. Nbd2 c6 10. c3 Qc7 11. Qc2 h6 12. Bxf6 Nxf6 13. Ne5 Bc8 14. f4 Ng4 15. h3 Nxe5 16. fxe5 Be7 17. Nf3 Be6 18. Qe2 b5 19. Bc2 Rac8 20. Qd3 g6 21. Qe3 Kg7 22. b4 a5 23. a3 axb4 24. axb4 Ra8 25. Qf2 Qb7 26. Qg3 Rg8 27. Nh4 Bxh4 28. Qxh4 Qd7 29. Qf6+ Kh7 30. Ra5 Rxa5 31. bxa5 Ra8 32. Ra1 Qe8 33. h4 h5 34. Qg5 Qd8 35. Qxh5+ Kg7 36. Qf3 Rxa5 37. Qf6+ 1-0

[Event "Goiania IRT"]
[Site "Goiania"]
[Date "2012.06.09"]
[Round "6"]
[White "De Paula, Rafael Figueiredo"]
[Black "Lopes, Marcos Alves"]
[Result "1-0"]
[WhiteElo "2029"]
[BlackElo "1850"]
[PlyCount "73"]
[EventDate "2012.06.07"]
[EventType "tourn"]
[EventRounds "9"]
[EventCountry "BRA"]
[SourceTitle "CBM 148 Extra"]
[Source "ChessBase"]
[SourceDate "2012.06.22"]
[SourceVersion "1"]
[SourceVersionDate "2012.06.22"]
[SourceQuality "1"]

1. e4 c5 2. Nf3 a6 3. c4 Nc6 4. d4 cxd4 5. Nxd4 Qc7 6. Nc3 e6 7. Be3 Nf6 8. a3 Be7 9. Be2 0-0 10. 0-0 b6 11. Rc1 Bb7 12. f3 Nxd4 13. Bxd4 Bc6 14. Nd5 exd5 15. cxd5 Qb7 16. dxc6 dxc6 17. Qb3 b5 18. Qe3 Rac8 19. Rfd1 Nd7 20. b4 a5 21. bxa5 c5 22. a6 Qc6 23. Qb3 c4 24. Qb2 Bc5 25. a4 Bxd4+ 26. Qxd4 Qb6 27. axb5 Qxd4+ 28. Rxd4 Nb6 29. Rd6 Rb8 30. Rc6 g6 31. Kf2 Rfd8 32. Ke3 Rd7 33. Bxc4 Nxc4+ 34. R1xc4 Rxb5 35. Rc7 Rb3+ 36. Kf4 Rd6 37. a7 1-0

[Event "Goiania IRT"]
[Site "Goiania"]
[Date "2012.06.08"]
[Round "4"]
[White "Silva, Gustavo Queiroz Dos"]
[Black "Lopes, Marcos Alves"]
[Result "1-0"]
[WhiteElo "1928"]
[BlackElo "1850"]
[PlyCount "45"]
[EventDate "2012.06.07"]
[EventType "tourn"]
[EventRounds "9"]
[EventCountry "BRA"]
[SourceTitle "CBM 148 Extra"]
[Source "ChessBase"]
[SourceDate "2012.06.22"]
[SourceVersion "1"]
[SourceVersionDate "2012.06.22"]
[SourceQuality "1"]

1. e4 c5 2. Nf3 e6 3. c3 Nf6 4. e5 Nd5 5. d4 cxd4 6. cxd4 Bb4+ 7. Bd2 Nc6 8. a3 Bxd2+ 9. Nbxd2 d6 10. Bb5 Nde7 11. Nc4 dxe5 12. dxe5 0-0 13. 0-0 a6 14. Bxc6 Nxc6 15. Qxd8 Rxd8 16. Nb6 Rb8 17. Rad1 Kf8 18. Ng5 f6 19. exf6 gxf6 20. Nxc8 fxg5 21. Rxd8+ Nxd8 22. Nb6 Nc6 23. Nd7+ 1-0

[Event "BRA-ch Amateur"]
[Site "Goiania"]
[Date "2012.02.20"]
[Round "5"]
[White "Sampaio Filho, Joao Rodrigues"]
[Black "Lopes, Marcos Alves"]
[Result "0-1"]
[WhiteElo "1787"]
[BlackElo "1847"]
[PlyCount "55"]
[EventDate "2012.02.18"]
[EventType "swiss"]
[EventRounds "7"]
[EventCountry "BRA"]
[SourceTitle "CBM 147 Extra"]
[Source "ChessBase"]
[SourceDate "2012.04.24"]
[SourceVersion "1"]
[SourceVersionDate "2012.04.24"]
[SourceQuality "1"]

1. e4 c5 2. Nf3 d6 3. d4 cxd4 4. Nxd4 Nf6 5. Nc3 g6 6. Be3 Bg7 7. f3 a6 8. Qd2 0-0 9. g4 Nbd7 10. h4 Ne5 11. 0-0-0 b5 12. h5 b4 13. Nd5 Nxd5 14. exd5 Qa5 15. Kb1 Qxd5 16. hxg6 Nxf3 17. Nxf3 Qxf3 18. Bg2 Qf6 19. gxf7+ Kh8 20. Bd4 e5 21. g5 Qg6 22. Bxa8 exd4 23. Bc6 Bf5 24. Rde1 Be5 25. Rh6 Qg7 26. Be4 Bxe4 27. Rxe4 a5 28. Rg4 0-1